| 000 | 00711nam a2200205 a 4500 | ||
|---|---|---|---|
| 005 | 20210219151039.0 | ||
| 008 | 991125s1948 mx 000 0 spa u | ||
| 035 | _aUPN01000026262 | ||
| 049 | _aCG | ||
| 050 | 4 |
_aJ171 N15 _bF7.3 1930-32 |
|
| 100 | 1 | _aFranco, Luis G. | |
| 245 | 1 | 0 |
_aGlosa del período de gobierno del C. Gral. e Ing. Pascual Ortiz Rubio : _b1910-1932 / _cLuis G. Franco. |
| 260 |
_aMéxico : _bDDF, _c1948. |
||
| 300 |
_a268 p. : _bretrs. |
||
| 440 | 0 |
_aNarraciones históricas. Libro ; _v12 |
|
| 500 | _aTítulo de la cubierta: Apuntes para el futuro | ||
| 651 | 4 |
_aMEXICO - _xPOLITICA Y GOBIERNO - _y1930-1932 |
|
| 600 | 1 | 4 | _aORTIZ RUBIO, PASCUAL. PRES. DE MEXICO, 1877-1963 |
| 905 | _aLibro | ||
| 999 |
_c26262 _d26262 |
||